| 000 | 00508nam a2200157 4500 | ||
|---|---|---|---|
| 001 | 7289 | ||
| 005 | 20181127183325.0 | ||
| 008 | 970624s1996 at 000 0 eng | ||
| 010 | _a 97165354 | ||
| 020 |
_a0732608929 : _c |
||
| 100 | 1 | _aKilby, Patrick. | |
| 245 | 0 | 0 |
_aAustralia's aid program : _bmixed messages and conflicting agendas / _cedited by Patrick Kilby. |
| 260 |
_aClayton, Vic. : _bMonash Asia Institute and Community Aid Abroad, _c1996. |
||
| 300 | _a316 p. | ||
| 999 |
_c6212 _d6212 |
||